| 000 | 00526nam a2200181Ia 4500 | ||
|---|---|---|---|
| 001 | 705 | ||
| 008 | 210120s1932 ii a g b000 u asm u | ||
| 082 | _a954.1 | ||
| 100 | _aBhuyan, S.K. . | ||
| 245 | 0 |
_aAsamar Padya-Buranji : A Metrical chronicle of Assam / _cS.K.Bhuyan. _hTextual Documents |
|
| 260 |
_aAssam : _bDept.of Historical & Antiquarian studies , _c1932. |
||
| 300 |
_a308p. : _bill ; _c22cm. . |
||
| 500 | _a148/Ref/Ass | ||
| 653 | _aIndian History | ||
| 653 | _aRef-Ass | ||
| 653 | _aT/G-History | ||
| 942 |
_2ddc _cBK |
||
| 999 |
_c703 _d703 |
||